Nguyên lý Kinh tế học

Đã lưu trong:
Sonraí Bibleagrafaíochta
Formáid: Leabhar
Foilsithe: Thống kê 2003
Clibeanna: Cuir Clib Leis
Gan Chlibeanna, Bí ar an gcéad duine leis an taifead seo a chlibeáil!
Thư viện lưu trữ: Mạng thư viện Đại học Đà Nẵng
LEADER 00423nam a22001691a 4500
001 000035916
003 12208
005 20160321134603.0
008 160321s2003 000
245 |a Nguyên lý Kinh tế học  |c Gregory Mankiw 
260 |a Thống kê  |c 2003 
OWN |a LNN 
999 |a From the UDN01 
TYP |a Monograph 
980 |a Mạng thư viện Đại học Đà Nẵng